Sports Quiz

Random Sports or Soccer Quiz

West Ham United Goalkeepers w/ Most Apps p/ Season Quiz Stats

 Plays Quiz not verified by Sporcle

Score 0/72 Timer 06:00
0 Plays Today
Season Goalkeeper(s) % Correct
2017-18Adrián & Joe Hart
91%
2013-14Adrián
89.1%
2014-15Adrián
89.1%
2015-16Adrián
89.1%
2001-02David James
85.2%
2002-03David James
85.2%
2003-04David James
85.2%
2006-07Robert Green
84.8%
2007-08Robert Green
84.8%
2008-09Robert Green
84.8%
2009-10Robert Green
84.8%
2010-11Robert Green
84.8%
2011-12Robert Green
84.8%
1998-99Shaka Hislop
81%
1999-00Shaka Hislop
81%
2000-01Shaka Hislop
81%
1997-98Luděk Mikloško & Craig Forrest
75.1%
1990-91Luděk Mikloško
74.8%
1991-92Luděk Mikloško
74.8%
1992-93Luděk Mikloško
74.8%
1993-94Luděk Mikloško
74.8%
1994-95Luděk Mikloško
74.8%
1995-96Luděk Mikloško
74.8%
1996-97Luděk Mikloško
74.8%
2016-17Darren Randolph
72.3%
1978-79Phil Parkes
68.3%
1979-80Phil Parkes
68.3%
1980-81Phil Parkes
68.3%
1981-82Phil Parkes
68.3%
1982-83Phil Parkes
68.3%
1983-84Phil Parkes
68.3%
1985-86Phil Parkes
68.3%
1986-87Phil Parkes
68.3%
1989-90Phil Parkes
68.3%
2012-13Jussi Jääskeläinen
53.4%
2004-05Stephen Bywater
51.7%
Season Goalkeeper(s) % Correct
1973-74Mervyn Day
49.4%
1974-75Mervyn Day
49.4%
1975-76Mervyn Day
49.4%
1976-77Mervyn Day
49.4%
1977-78Mervyn Day
49.4%
2005-06Roy Carroll
49.4%
1967-68Bobby Ferguson
33.9%
1968-69Bobby Ferguson
33.9%
1969-70Bobby Ferguson
33.9%
1970-71Bobby Ferguson
33.9%
1971-72Bobby Ferguson
33.9%
1972-73Bobby Ferguson
33.9%
1988-89Allen McKnight
33.3%
1963-64Jim Standen
26.8%
1964-65Jim Standen
26.8%
1965-66Jim Standen
26.8%
1966-67Jim Standen
26.8%
1947-48Ernie Gregory
19.9%
1948-49Ernie Gregory
19.9%
1949-50Ernie Gregory
19.9%
1950-51Ernie Gregory
19.9%
1951-52Ernie Gregory
19.9%
1952-53Ernie Gregory
19.9%
1953-54Ernie Gregory
19.9%
1955-56Ernie Gregory
19.9%
1956-57Ernie Gregory
19.9%
1957-58Ernie Gregory
19.9%
1958-59Ernie Gregory
19.9%
1984-85Tom McAlister
19.8%
1987-88Tom McAlister
19.8%
1946-47George Taylor
12.9%
1954-55George Taylor
12.9%
1961-62Lawrie Leslie
10.4%
1962-63Lawrie Leslie
10.4%
1959-60Noel Dwyer
5.1%
1960-61Brian Rhodes
4.4%

You're not logged in!

Compare scores with friends on all Sporcle quizzes.
OR
Log In

Sporcle TV

Today on Sporcle TV


Watch our educational content, quiz creation guides, and fun videos on Sporcle TV.

Show Comments

Extras

Top Quizzes Today


Score Distribution

Your Account Isn't Verified!

In order to create a playlist on Sporcle, you need to verify the email address you used during registration. Go to your Sporcle Settings to finish the process.

Report this User

Report this user for behavior that violates our Community Guidelines.

Details: